Le monde dossiers et documents (Record no. 12819)

MARC details
000 -LEADER
fixed length control field 00447nasaa2200169 4500
008 - FIXED-LENGTH DATA ELEMENTS--GENERAL INFORMATION
fixed length control field b xx# fre u
040 ## - CATALOGING SOURCE
Original cataloging agency LB-BrCRDP
130 1# - MAIN ENTRY--UNIFORM TITLE
Language of a work FR
245 10 - TITLE STATEMENT
Title Le monde dossiers et documents
260 ## - PUBLICATION, DISTRIBUTION, ETC.
Place of publication, distribution, etc. [Paris]:
Name of publisher, distributor, etc. SA
Date of publication, distribution, etc. 1998-
300 ## - PHYSICAL DESCRIPTION
Other physical details ill. en coul. ;
500 ## - GENERAL NOTE
General note Journal
500 ## - GENERAL NOTE
General note 11 numéros par an
500 ## - GENERAL NOTE
General note 1er numéro reçu 262 (Fevrier 1998)
942 ## - ADDED ENTRY ELEMENTS (KOHA)
Koha item type

No items available.